Začiatky Lekárskej fakulty UK v Bratislave

Bibliographic Details
Main Authors: Tichý, Miloš, 1929-2004 (Author), Dedek, J. (Author), Ozorovský, Vojtech, 1951- (Author)
Format: Article
Language:Slovak
PhysicalDescription:Res. rus., angl., lit. 11 zázn. v slov.
Subjects:

MARC

LEADER 00000nab a2200000 a 4500
001 vtls000153981
003 SK-MaSNL
005 20260305044347.0
008 220422c1983 xo 0 slo
015 |a SNBRB19rr/mm-uuuuu 
035 |a CL0164088 
040 |a SNKBUCL  |b slo  |c SNKBUCL  |e AACR2 
041 0 |a slo 
044 |a xo  |c SK 
080 |a 378.4:61(437.6-25)  |2 1981 
080 |a 61(437.6-25)  |2 1981 
100 1 |a Tichý, Miloš,  |d 1929-2004  |4 aut  |9 223210 
245 1 0 |a Začiatky Lekárskej fakulty UK v Bratislave  |c M. Tichý, J. Dedek, V. Ozorovský 
300 |b Res. rus., angl., lit. 11 zázn. v slov. 
610 2 7 |a Univerzita Komenského v Bratislave.  |b Lekárska fakulta  |2 snkbucl 
655 7 |a články z novín a časopisov  |2 snkbucl  |9 267496 
700 1 |a Dedek, J.  |4 aut  |9 1006341 
700 1 |a Ozorovský, Vojtech,  |d 1951-  |4 aut  |9 196515 
773 0 |t Československé zdravotnictví  |g Roč. 31, č. 2 (1983), s. 49-54 
850 |a Slovenská národná knižnica v Martine  |a MTA001 
852 |a SNK  |b KIS3GCP 
958 |a NB 
958 |a RK 
958 |a ME 
992 |a RBX 
999 |c 3358113  |d 3360043